000 00835cam a2200241 4500
001 J82
008 090401t1991 xxu||||| |||| 00| 0 eng d
035 _a(Sirsi) u38070
041 _aeng
050 _a690.0285
110 _aBuilding Centre Trust
_93162
245 _aBuilding IT 2000: a report by experts on the future of building and information technology as presented on a hypertext database.
260 _aLondon
_bBuilding Centre Trust
_c1991
300 _a172p. : ill. ; 30cm.
350 _a85
520 _aThe work was directed by a steering committee and included work by CERCI and the Construction Industry Computing Association.
650 _aBUILDING INDUSTRY
650 _aCOMPUTERS
690 _aBUILDING AND CONSTRUCTION-COMPUTERS
700 _aGeorge, John
_xChairman
942 _n0
948 _c04/03/1997
999 _c90603
_d90603